[Event "Tage Sorensen Memorial 2001"]
[Site "Holbaek"]
[Date "2001.06.24"]
[Round "2"]
[White "Skjoldborg, Jesper"]
[Black "Brekka, Hanus"]
[Result "1-0"]
[WhiteElo "2228"]
[BlackElo "2000"]
[PlyCount "63"]
[EventDate "2001.06.23"]

1. e4 e6 2. d4 d5 3. Nd2 dxe4 4. Nxe4 Nf6 5. Nxf6+ Qxf6 6. Nf3 h6 7. Bd3 Bd6 8.
Qe2 Bf4 9. Bxf4 Qxf4 10. g3 Qf6 11. O-O-O Nd7 12. Kb1 c6 13. h4 b6 14. Be4 Bb7
15. Ne5 Nxe5 16. dxe5 Qe7 17. Rd6 O-O 18. Rhd1 Rfd8 19. Qd3 Rxd6 20. Qxd6 Kf8
21. Bxc6 Bxc6 22. Qxc6 Rd8 23. Rd6 g5 24. hxg5 Qxg5 25. c4 Rxd6 26. exd6 Qd8
27. b4 a5 28. bxa5 bxa5 29. c5 Qf6 30. Qc8+ Kg7 31. d7 Qf5+ 32. Kc1 1-0

[Event "Tage Sorensen Memorial 2001"]
[Site "Holbaek"]
[Date "2001.06.24"]
[Round "2"]
[White "Strange, Mikkel"]
[Black "Skytte, Rasmus"]
[Result "1-0"]
[WhiteElo "2228"]
[BlackElo "2343"]
[PlyCount "99"]
[EventDate "2001.06.23"]

1. e4 e6 2. d4 d5 3. Nc3 dxe4 4. Nxe4 Nd7 5. Nf3 Be7 6. Bd3 Ngf6 7. Nxf6+ Nxf6
8. O-O O-O 9. Ne5 c5 10. dxc5 Qc7 11. Re1 Qxc5 12. Qf3 Nd5 13. Be3 Nxe3 14.
Rxe3 f5 15. Qh5 Bf6 16. Rae1 b6 17. Ng4 Bd7 18. Rh3 h6 19. Qg6 fxg4 20. Rxh6
Qf5 21. Bxf5 exf5 22. h3 Rae8 23. Rd1 Be6 24. hxg4 fxg4 25. Re1 Bd7 26. Qh7+
Kf7 27. Qg6+ Kg8 28. Rxe8 Rxe8 29. Qh7+ Kf7 30. Qd3 Be6 31. Qg6+ Ke7 32. Rh7
Rg8 33. b3 b5 34. Kf1 b4 35. Qe4 Bc3 36. Qb7+ Kf6 37. Rh5 Rd8 38. g3 Rd1+ 39.
Kg2 Be5 40. Rxe5 Kxe5 41. Qxg7+ Kd6 42. Qf8+ Kd7 43. Qg7+ Kd6 44. f4 Rd2+ 45.
Kf1 Rxc2 46. Qe5+ Kd7 47. f5 Bf7 48. Qd4+ Kc8 49. Qxb4 Bd5 50. f6 1-0

[Event "Tage Sorensen Memorial 2001"]
[Site "Holbaek"]
[Date "2001.06.25"]
[Round "3"]
[White "Brekka, Hanus"]
[Black "Jorgensen, Gert"]
[Result "1/2-1/2"]
[WhiteElo "2000"]
[BlackElo "2123"]
[PlyCount "40"]
[EventDate "2001.06.23"]

1. e4 e5 2. Nf3 Nc6 3. Bc4 Bc5 4. O-O Nf6 5. Nc3 O-O 6. d3 h6 7. Be3 Bxe3 8.
fxe3 Ng4 9. Qd2 Na5 10. Bb3 Nxb3 11. axb3 d6 12. Ne2 Qe7 13. h3 Nf6 14. Ng3 g6
15. d4 Re8 16. Qf2 Nh7 17. Rad1 f6 18. Nh4 Qg7 19. c4 Rf8 20. Qd2 Ng5 1/2-1/2

[Event "Tage Sorensen Memorial 2001"]
[Site "Holbaek"]
[Date "2001.06.25"]
[Round "3"]
[White "Brekka, Martin"]
[Black "Skjoldager, Flemming"]
[Result "1-0"]
[WhiteElo "2102"]
[BlackElo "2000"]
[PlyCount "81"]
[EventDate "2001.06.23"]

1. d4 f5 2. c4 Nf6 3. Nf3 g6 4. Nc3 Bg7 5. g3 O-O 6. Bg2 d6 7. O-O Qe8 8. b3 c6
9. Bb2 Na6 10. d5 Bd7 11. Nd4 Rb8 12. e3 Nc7 13. a4 a6 14. b4 cxd5 15. cxd5 Kh8
16. Qb3 g5 17. Rfc1 Qf7 18. f4 g4 19. b5 a5 20. b6 Na6 21. Ba3 Rbc8 22. Ncb5
Ne4 23. Bxe4 fxe4 24. Nc7 Nxc7 25. Rxc7 Bxd4 26. exd4 Bc6 27. Rc1 Bxd5 28. Qc3
Ra8 29. Bxd6 Rfe8 30. Qa3 Qe6 31. Be5+ Kg8 32. Qc5 Bc6 33. f5 Qb3 34. Qc4+ Qxc4
35. Rxc4 Bd5 36. R4c5 Bc6 37. d5 Bxa4 38. Rxb7 Bb3 39. Ra7 Rxa7 40. bxa7 Rd8
41. Bb8 1-0

[Event "Tage Sorensen Memorial 2001"]
[Site "Holbaek"]
[Date "2001.06.25"]
[Round "3"]
[White "Carstensen, Jacob"]
[Black "Jorgensen, Michael"]
[Result "1/2-1/2"]
[WhiteElo "2260"]
[BlackElo "2290"]
[PlyCount "132"]
[EventDate "2001.06.23"]

1. d4 f5 2. g3 Nf6 3. Bg2 g6 4. Nf3 Bg7 5. O-O O-O 6. c4 d6 7. Nc3 c6 8. d5 Qa5
9. Nd4 Qc5 10. Be3 Ng4 11. Nxf5 Nxe3 12. Nxe3 Kh8 13. a3 Qb6 14. Qd2 a5 15.
Rac1 Nd7 16. Na4 Qa7 17. dxc6 bxc6 18. Bxc6 Rb8 19. Bg2 Nc5 20. Nxc5 Rxb2 21.
Rc2 Rxc2 22. Qxc2 Qxc5 23. Qa4 Bb2 24. Nd5 e6 25. Nf4 Bd4 26. e3 Bg7 27. Rb1 g5
28. Rb5 Qc7 29. Rxg5 e5 30. Nd5 Qf7 31. f4 Bh6 32. h4 Bxg5 33. hxg5 Qh5 34. Qc2
h6 35. Nf6 Qf7 36. Bd5 Qg7 37. Nh5 Bf5 38. Qxf5 Rxf5 39. Nxg7 Kxg7 40. gxh6+
Kxh6 41. Kf2 Rf8 42. Kf3 exf4 43. gxf4 Rb8 44. Bc6 Rb3 45. a4 Kg6 46. Ke4 Kf6
47. Bb5 Ke7 48. Kd4 Rb1 49. Kd5 Rd1+ 50. Kc6 Re1 51. Kb6 Kd8 52. Kc6 Ke7 53.
Kb6 Kd8 54. f5 Rxe3 55. Kc6 Rf3 56. Kxd6 Rxf5 57. Kc6 Rf6+ 58. Kb7 Ke7 59. c5
Ke6 60. c6 Kd6 61. Kb6 Kd5 62. Kb7 Rf7+ 63. Kb6 Rf6 64. Kxa5 Rxc6 65. Bxc6+
Kxc6 66. Ka6 Kc7 1/2-1/2

[Event "Tage Sorensen Memorial 2001"]
[Site "Holbaek"]
[Date "2001.06.25"]
[Round "3"]
[White "Eriksson, Johan"]
[Black "Jensen, Leif"]
[Result "1-0"]
[WhiteElo "2408"]
[BlackElo "2102"]
[PlyCount "111"]
[EventDate "2001.06.23"]

1. d4 d5 2. c4 c6 3. Nf3 Nf6 4. Nc3 e6 5. e3 Be7 6. Bd3 O-O 7. O-O Nbd7 8. Qe2
Re8 9. e4 dxe4 10. Nxe4 Nxe4 11. Qxe4 Nf8 12. b3 Qc7 13. Re1 Bd7 14. Ne5 Bd6
15. c5 Be7 16. Bf4 Qd8 17. Qf3 Bf6 18. Rad1 Ng6 19. Bg3 Qe7 20. Be4 Red8 21.
Ng4 Rdc8 22. Bd6 Qd8 23. Ne5 Be8 24. Qh3 Bg5 25. b4 f5 26. Nxg6 Bxg6 27. Bd3
Bf7 28. Bc4 Qd7 29. Rd3 Bf6 30. g4 g6 31. Kh1 Re8 32. Be5 Qe7 33. Bd6 Qd7 34.
Be5 Qe7 35. f4 Rad8 36. Red1 Bxe5 37. dxe5 Rxd3 38. Rxd3 Rd8 39. Rd6 Rxd6 40.
cxd6 Qd7 41. gxf5 gxf5 42. Qg2+ Kf8 43. Be2 Qd8 44. Qh3 Kg7 45. Qe3 b6 46. Bf3
Be8 47. Kg1 Qc8 48. Qa3 a5 49. bxa5 Qa6 50. d7 Bxd7 51. Qe7+ Kg8 52. Qd8+ Kf7
53. Bh5+ Kg7 54. Qf6+ Kg8 55. Qf7+ Kh8 56. Qf8# 1-0

[Event "Tage Sorensen Memorial 2001"]
[Site "Holbaek"]
[Date "2001.06.25"]
[Round "3"]
[White "Hansen, Lars Henrik Bech"]
[Black "Palm, Eivind"]
[Result "1-0"]
[WhiteElo "2159"]
[BlackElo "2000"]
[PlyCount "77"]
[EventDate "2001.06.23"]

1. e4 e6 2. d4 d5 3. e5 c5 4. c3 Nc6 5. Nf3 Qb6 6. Bd3 Bd7 7. O-O cxd4 8. cxd4
Nge7 9. Nc3 Rc8 10. Be3 Na5 11. Na4 Bxa4 12. Qxa4+ Nac6 13. a3 h6 14. b4 g5 15.
b5 Qa5 16. Qd1 Nb8 17. Bd2 Qc7 18. Rc1 Qd7 19. Qa4 b6 20. Bb4 a5 21. Bd2 Bg7
22. Rxc8+ Nxc8 23. Rc1 O-O 24. Qc2 Ne7 25. Qc7 Nc8 26. Qxb8 g4 27. Ne1 h5 28.
Qc7 Qe8 29. Bg5 Kh8 30. g3 Rg8 31. Ng2 Qf8 32. Rc3 Bh6 33. Bxh6 Qxh6 34. Qxf7
Rf8 35. Qd7 Na7 36. Qxa7 Rxf2 37. Rc8+ Rf8 38. Rxf8+ Qxf8 39. Qh7# 1-0

[Event "Tage Sorensen Memorial 2001"]
[Site "Holbaek"]
[Date "2001.06.25"]
[Round "3"]
[White "Hermansson, Emil"]
[Black "Bromann, Thorbjorn"]
[Result "1-0"]
[WhiteElo "2400"]
[BlackElo "2310"]
[PlyCount "65"]
[EventDate "2001.06.23"]

1. e4 e6 2. d4 d5 3. Nd2 dxe4 4. Nxe4 Nd7 5. Nf3 Ngf6 6. Bd3 Nxe4 7. Bxe4 Nf6
8. Bd3 c5 9. dxc5 Bxc5 10. Qe2 O-O 11. Bg5 Qa5+ 12. c3 Be7 13. O-O h6 14. Bh4
Qh5 15. Rad1 Rd8 16. Bh7+ Kf8 17. Rxd8+ Bxd8 18. Rd1 Be7 19. Be4 a6 20. h3 Qc5
21. Bg3 a5 22. Ne5 Ra6 23. Bf3 b5 24. a3 g6 25. Rd4 Kg7 26. a4 Ra7 27. axb5 Bb7
28. Nc6 Bxc6 29. bxc6 Ra8 30. Qe5 Qb6 31. Rd7 Re8 32. Rb7 Qa6 33. Qb5 1-0

[Event "Tage Sorensen Memorial 2001"]
[Site "Holbaek"]
[Date "2001.06.25"]
[Round "3"]
[White "Kiss, Gergely"]
[Black "Molvig, Henrik"]
[Result "1/2-1/2"]
[WhiteElo "2270"]
[BlackElo "2219"]
[PlyCount "23"]
[EventDate "2001.06.23"]

1. e4 c5 2. Nc3 d6 3. g3 Nc6 4. Bg2 g6 5. d3 Bg7 6. f4 e6 7. Nf3 Nge7 8. Be3
Nd4 9. Qd2 Bd7 10. O-O O-O 11. Nh4 a5 12. Nd1 1/2-1/2

[Event "Tage Sorensen Memorial 2001"]
[Site "Holbaek"]
[Date "2001.06.25"]
[Round "3"]
[White "Larsen, Peder Lehmann"]
[Black "Stockflet, Henrik"]
[Result "1-0"]
[WhiteElo "2055"]
[BlackElo "2000"]
[PlyCount "43"]
[EventDate "2001.06.23"]

1. e4 e5 2. Nc3 Nf6 3. Nf3 d6 4. Bc4 Bg4 5. h3 Bh5 6. d3 Be7 7. Be3 Nbd7 8. Ne2
Bxf3 9. gxf3 c6 10. f4 d5 11. exd5 cxd5 12. Bb3 Qa5+ 13. Bd2 Qb6 14. fxe5 Nxe5
15. Nf4 O-O-O 16. Qe2 Rhe8 17. O-O-O Bc5 18. Nh5 Nc4 19. Qf3 Nxd2 20. Rxd2 Nxh5
21. Qxh5 Bxf2 22. Qf5+ 1-0

[Event "Tage Sorensen Memorial 2001"]
[Site "Holbaek"]
[Date "2001.06.25"]
[Round "3"]
[White "Nielsen, Max"]
[Black "Lamprecht, Frank"]
[Result "0-1"]
[WhiteElo "2251"]
[BlackElo "2403"]
[PlyCount "70"]
[EventDate "2001.06.23"]

1. e4 e6 2. d4 d5 3. Nc3 Nf6 4. e5 Nfd7 5. f4 c5 6. Nf3 Nc6 7. Be3 cxd4 8. Nxd4
Bc5 9. Qd2 a6 10. O-O-O O-O 11. Nb3 b6 12. Kb1 Bb7 13. h4 Rc8 14. Ne2 f6 15.
exf6 Qxf6 16. Bxc5 bxc5 17. g4 a5 18. g5 Qe7 19. Nxa5 Nxa5 20. Qxa5 d4 21. Rg1
Bd5 22. Qd2 Nb6 23. b3 Ra8 24. Bg2 Bxg2 25. Rxg2 Nc4 26. Qd3 Ne3 27. Rgg1 Qa7
28. Nc1 Nd5 29. a4 Rfb8 30. Ka1 Nc3 31. Qc4 Qxa4+ 32. Qxa4 Rxa4+ 33. Kb2 Nxd1+
34. Rxd1 Ra7 35. Re1 c4 0-1

[Event "Tage Sorensen Memorial 2001"]
[Site "Holbaek"]
[Date "2001.06.25"]
[Round "3"]
[White "Ostergaard, Rasmus"]
[Black "Sivertsen, Palle"]
[Result "1/2-1/2"]
[WhiteElo "2183"]
[BlackElo "2168"]
[PlyCount "78"]
[EventDate "2001.06.23"]

1. d4 Nf6 2. c4 d6 3. Nc3 e5 4. Nf3 Nbd7 5. e4 Be7 6. Be2 c6 7. O-O O-O 8. Qc2
a6 9. Rd1 Qc7 10. Rb1 b5 11. b4 Bb7 12. dxe5 dxe5 13. a4 bxa4 14. c5 a5 15.
Nxa4 axb4 16. Rxb4 Ba6 17. Nb6 Bxe2 18. Qxe2 Rab8 19. Nxd7 Rxb4 20. Nxf8 Bxf8
21. Bb2 Nd7 22. Qd2 Rb7 23. Qc2 f6 24. Qc4+ Kh8 25. Ba3 Nb8 26. Nh4 g6 27. h3
Qf7 28. Qxf7 Rxf7 29. Rd8 Na6 30. Rc8 Nc7 31. g4 Kg7 32. Nf3 g5 33. Kf1 Nb5 34.
Bb4 Rc7 35. Rb8 Ra7 36. Ne1 Ra4 37. Nd3 Nd4 38. Rb7+ Kg6 39. Rb6 Ra1+ 1/2-1/2

[Event "Tage Sorensen Memorial 2001"]
[Site "Holbaek"]
[Date "2001.06.25"]
[Round "3"]
[White "Pavlovskaya, Evgenija"]
[Black "Pedersen, Henrik Dahl"]
[Result "0-1"]
[WhiteElo "2201"]
[BlackElo "2237"]
[PlyCount "80"]
[EventDate "2001.06.23"]

1. e4 e6 2. d4 d5 3. Nd2 Nf6 4. e5 Nfd7 5. Bd3 c5 6. c3 Nc6 7. Ne2 Qb6 8. Nf3
cxd4 9. cxd4 f6 10. exf6 Nxf6 11. O-O Bd6 12. Bf4 Bxf4 13. Nxf4 O-O 14. Ng5
Nxd4 15. Nxh7 Nxh7 16. Bxh7+ Kxh7 17. Qh5+ Kg8 18. Ng6 Qd6 19. Rad1 Nf5 20.
Qh8+ Kf7 21. Qh5 Kg8 22. Qh8+ Kf7 23. Qh5 Nh6 24. g4 Kg8 25. g5 Rf5 26. Nh4 Bd7
27. Nxf5 Nxf5 28. Rfe1 Qf4 29. Rd3 Rc8 30. g6 Rc1 31. Rxc1 Qxc1+ 32. Rd1 Qh6
33. Qxh6 gxh6 34. Rc1 Bc6 35. Re1 Nd4 36. Kg2 Kg7 37. Rd1 e5 38. f4 Nf5 39. Rg1
d4+ 40. Kh3 e4 0-1

[Event "Tage Sorensen Memorial 2001"]
[Site "Holbaek"]
[Date "2001.06.25"]
[Round "3"]
[White "Pedersen, Kim"]
[Black "Nilssen, John Arni"]
[Result "0-1"]
[WhiteElo "2227"]
[BlackElo "2345"]
[PlyCount "84"]
[EventDate "2001.06.23"]

1. d4 d5 2. Nf3 c6 3. e3 Bf5 4. Bd3 e6 5. Bxf5 exf5 6. Qd3 g6 7. c4 Nf6 8. O-O
dxc4 9. Qxc4 Bg7 10. b4 a6 11. a4 O-O 12. Nc3 Nbd7 13. Ba3 Rc8 14. Qb3 b5 15.
Bb2 Nb6 16. axb5 axb5 17. Rac1 Nc4 18. Rfd1 Qd6 19. Nd2 Nb6 20. g3 Rfe8 21. Rc2
Bf8 22. Ba3 h5 23. Ne2 Ne4 24. Nxe4 fxe4 25. Rc5 Qd7 26. Nf4 Nc4 27. Rxc4 bxc4
28. Qxc4 Qf5 29. Bb2 Red8 30. Bc3 Bd6 31. Ra1 h4 32. Ra5 Qg4 33. h3 Qd1+ 34.
Kh2 hxg3+ 35. fxg3 Qc2+ 36. Kh1 Bxf4 37. gxf4 Qc1+ 38. Kg2 Qxe3 39. f5 Qf3+ 40.
Kh2 Qf4+ 41. Kg2 gxf5 42. Ra1 Rd6 0-1

[Event "Tage Sorensen Memorial 2001"]
[Site "Holbaek"]
[Date "2001.06.25"]
[Round "3"]
[White "Skytte, Rasmus"]
[Black "Skjoldborg, Jesper"]
[Result "1-0"]
[WhiteElo "2343"]
[BlackElo "2228"]
[PlyCount "91"]
[EventDate "2001.06.23"]

1. Nf3 Nf6 2. d4 d5 3. c4 e6 4. Nc3 Be7 5. g3 O-O 6. Bg2 dxc4 7. O-O c5 8. dxc5
Qa5 9. Qd4 Nc6 10. Qxc4 e5 11. Qa4 Qxc5 12. Be3 Qb4 13. Qc2 Qg4 14. Rfd1 Qh5
15. Bg5 Be6 16. Qa4 Rfd8 17. Bxf6 Bxf6 18. Qb5 Rab8 19. Ne4 Rxd1+ 20. Rxd1 Be7
21. Nc3 a6 22. Qa4 Qg4 23. Qxg4 Bxg4 24. Nd5 Bc5 25. Rc1 Ba7 26. h3 Bd7 27. Rd1
Rd8 28. Ne7+ Kf8 29. Nxc6 bxc6 30. Nxe5 Ke7 31. Bxc6 Bxh3 32. Rxd8 Kxd8 33.
Nxf7+ Kc7 34. Ng5 Kxc6 35. Nxh3 Bd4 36. b3 Kb5 37. Kf1 Kb4 38. Ke1 Kc3 39. Kd1
Kb2 40. e3 Bf6 41. Nf4 Kxa2 42. Kc2 Ka3 43. Nd5 Ba1 44. f4 a5 45. e4 g5 46. e5
1-0

[Event "Tage Sorensen Memorial 2001"]
[Site "Holbaek"]
[Date "2001.06.25"]
[Round "3"]
[White "Visweswaran, Kameswaran"]
[Black "Pedersen, Hans Dahl"]
[Result "1-0"]
[WhiteElo "2301"]
[BlackElo "2208"]
[PlyCount "79"]
[EventDate "2001.06.23"]

1. e4 c6 2. d4 d5 3. Nc3 dxe4 4. Nxe4 Nf6 5. Nxf6+ exf6 6. Nf3 Bd6 7. Be2 O-O
8. O-O Re8 9. Be3 a5 10. Qd2 Na6 11. c4 Be6 12. Rfd1 Nc7 13. Rac1 Bb4 14. Qc2
g6 15. a3 Bf8 16. h3 Qd7 17. Bf1 Rec8 18. Nd2 Be7 19. Ne4 b5 20. b3 Bf5 21. a4
bxa4 22. bxa4 Na6 23. g4 Nb4 24. Qb1 Bxe4 25. Qxe4 Re8 26. Qf3 Rac8 27. Bg2 Bd8
28. Rd2 Kg7 29. h4 Qe7 30. h5 Bc7 31. h6+ Kg8 32. Kf1 Bd8 33. Rcd1 Bb6 34. Bf4
Rcd8 35. d5 cxd5 36. cxd5 Rd7 37. d6 Qe6 38. Kg1 Bd8 39. Bf1 Qe4 40. Re2 1-0

[Event "Tage Sorensen Memorial 2001"]
[Site "Holbaek"]
[Date "2001.06.26"]
[Round "4"]
[White "Jensen, Leif"]
[Black "Hansen, Lars Henrik Bech"]
[Result "0-1"]
[WhiteElo "2102"]
[BlackElo "2159"]
[PlyCount "46"]
[EventDate "2001.06.23"]

1. e4 d6 2. g3 Nf6 3. Bg2 g6 4. d4 Bg7 5. c3 O-O 6. f4 c6 7. Qc2 e5 8. Ne2 exd4
9. Nxd4 Re8 10. O-O Na6 11. Nd2 Qe7 12. b3 Bd7 13. Ba3 c5 14. e5 dxe5 15. Bxb7
exd4 16. Bxa6 Qe3+ 17. Kg2 Bf5 18. Qc1 Qe6 19. Bc4 Bh3+ 20. Kg1 Qe3+ 21. Rf2
Ng4 22. Nf1 Qxf2+ 23. Kh1 Qg2# 0-1

[Event "Tage Sorensen Memorial 2001"]
[Site "Holbaek"]
[Date "2001.06.26"]
[Round "4"]
[White "Jorgensen, Gert"]
[Black "Skjoldager, Flemming"]
[Result "0-1"]
[WhiteElo "2123"]
[BlackElo "2000"]
[PlyCount "78"]
[EventDate "2001.06.23"]

1. d4 Nf6 2. c4 e6 3. Nf3 d5 4. g3 c6 5. Bg2 Nbd7 6. O-O Bd6 7. Nc3 O-O 8. Bg5
h6 9. Bd2 Re8 10. Qc2 dxc4 11. e4 e5 12. dxe5 Nxe5 13. Nxe5 Bxe5 14. Rfd1 Qe7
15. f3 Qc5+ 16. Kh1 b5 17. Be1 Be6 18. Bf2 Qe7 19. a4 a6 20. f4 Bxc3 21. bxc3
Bg4 22. Re1 Qd7 23. Bd4 b4 24. Bxf6 b3 25. Qf2 gxf6 26. f5 Rad8 27. Qf4 h5 28.
h3 Bd1 29. Qh6 Bc2 30. Qxf6 Qd2 31. Re2 Qxe2 32. Qg5+ Kh7 33. g4 Rd1+ 34. Kh2
Qd2 35. Qxh5+ Kg8 36. Rxd1 Bxd1 37. f6 Qf4+ 38. Kh1 Qxf6 39. g5 Bxh5 0-1

[Event "Tage Sorensen Memorial 2001"]
[Site "Holbaek"]
[Date "2001.06.26"]
[Round "4"]
[White "Nilssen, John Arni"]
[Black "Carstensen, Jacob"]
[Result "1-0"]
[WhiteElo "2345"]
[BlackElo "2260"]
[PlyCount "47"]
[EventDate "2001.06.23"]

1. d4 Nf6 2. c4 e6 3. Nc3 Bb4 4. g3 c5 5. Nf3 O-O 6. Bg2 cxd4 7. Nxd4 d5 8.
cxd5 Nxd5 9. Qb3 Qa5 10. Bd2 Nc6 11. Nxc6 bxc6 12. O-O Bxc3 13. bxc3 Ba6 14.
Rfd1 Rab8 15. c4 Qc5 16. cxd5 Rxb3 17. axb3 Bxe2 18. Re1 Bb5 19. dxc6 Rc8 20.
Rac1 Qb6 21. Be3 Qa5 22. Red1 h6 23. Rd7 Rc7 24. b4 1-0

[Event "Tage Sorensen Memorial 2001"]
[Site "Holbaek"]
[Date "2001.06.26"]
[Round "4"]
[White "Palm, Eivind"]
[Black "Larsen, Peder Lehmann"]
[Result "1/2-1/2"]
[WhiteElo "2000"]
[BlackElo "2055"]
[PlyCount "66"]
[EventDate "2001.06.23"]

1. d4 Nf6 2. c4 e6 3. g3 d5 4. Nf3 dxc4 5. Bg2 Nc6 6. O-O Rb8 7. Ne5 Nxe5 8.
dxe5 Nd7 9. f4 Bc5+ 10. Kh1 b5 11. Nc3 Bb7 12. Ne4 Bb6 13. a4 a6 14. Qc2 Nc5
15. Rd1 Qe7 16. axb5 axb5 17. Nxc5 Bxg2+ 18. Kxg2 Qxc5 19. Qe4 O-O 20. Bd2 Qd5
21. Qxd5 exd5 22. Ba5 Bxa5 23. Rxa5 Rfd8 24. f5 Kf8 25. Ra7 c6 26. e6 fxe6 27.
fxe6 Rd6 28. Rf1+ Kg8 29. Rff7 Rxe6 30. Rxg7+ Kh8 31. Rxh7+ Kg8 32. Rag7+ Kf8
33. Rc7 Kg8 1/2-1/2

[Event "Tage Sorensen Memorial 2001"]
[Site "Holbaek"]
[Date "2001.06.26"]
[Round "4"]
[White "Bromann, Thorbjorn"]
[Black "Pedersen, Henrik Dahl"]
[Result "1-0"]
[WhiteElo "2310"]
[BlackElo "2237"]
[PlyCount "53"]
[EventDate "2001.06.23"]

1. e4 e6 2. d4 d5 3. e5 c5 4. c3 Nc6 5. Be3 Qb6 6. Qd2 Bd7 7. Nf3 f6 8. Be2
O-O-O 9. O-O h6 10. Rc1 fxe5 11. dxe5 Qc7 12. b4 g5 13. b5 Nxe5 14. Nxe5 Qxe5
15. Bd4 cxd4 16. cxd4+ Qc7 17. Rxc7+ Kxc7 18. Qa5+ b6 19. Qxa7+ Kd6 20. Qa3+
Kc7 21. Qa7+ Kd6 22. Qxb6+ Ke7 23. Nd2 Bg7 24. Nf3 Rc8 25. Ne5 Bxe5 26. dxe5 h5
27. Qd6+ 1-0

[Event "Tage Sorensen Memorial 2001"]
[Site "Holbaek"]
[Date "2001.06.26"]
[Round "4"]
[White "Pedersen, Hans Dahl"]
[Black "Kiss, Gergely"]
[Result "1/2-1/2"]
[WhiteElo "2208"]
[BlackElo "2270"]
[PlyCount "65"]
[EventDate "2001.06.23"]

1. c4 Nf6 2. g3 g6 3. Bg2 Bg7 4. Nc3 O-O 5. e4 d6 6. Nge2 e5 7. O-O Nc6 8. d3
Be6 9. Nd5 Qd7 10. Be3 Ne8 11. Qd2 f5 12. exf5 gxf5 13. f4 Nf6 14. Nxf6+ Bxf6
15. Nc3 Rae8 16. Rae1 a6 17. b3 Bg7 18. Nd5 Nd4 19. fxe5 dxe5 20. Bxd4 exd4 21.
Nf4 Bf7 22. Rxe8 Rxe8 23. Re1 c6 24. Rxe8+ Qxe8 25. Qe2 Be5 26. Kf2 Kg7 27. Qf3
Bd6 28. Bh3 Qe5 29. Ne2 Bg6 30. Qf4 Qxe2+ 31. Kxe2 Bxf4 32. gxf4 Kf6 33. Bg2
1/2-1/2

[Event "Tage Sorensen Memorial 2001"]
[Site "Holbaek"]
[Date "2001.06.26"]
[Round "4"]
[White "Sivertsen, Palle"]
[Black "Brekka, Martin"]
[Result "0-1"]
[WhiteElo "2168"]
[BlackElo "2102"]
[PlyCount "60"]
[EventDate "2001.06.23"]

1. Nc3 d5 2. e4 d4 3. Nce2 e5 4. Nf3 Bd6 5. Ng3 Nf6 6. Bc4 O-O 7. O-O Nc6 8. a3
Ne7 9. d3 Ng6 10. h3 c5 11. Nf5 Be7 12. g4 Be6 13. b3 Rb8 14. a4 a6 15. Qd2
Bxf5 16. gxf5 Nf4 17. a5 Nxh3+ 18. Kh2 Nf4 19. Rg1 Qd6 20. Qe1 N6h5 21. Rg4 Bd8
22. Nh4 Kh8 23. f3 g6 24. Bxf4 Nxf4 25. Rxf4 exf4 26. Ng2 gxf5 27. Qd2 fxe4 28.
dxe4 Qh6+ 29. Kg1 Rg8 30. Bxf7 Rg7 0-1

[Event "Tage Sorensen Memorial 2001"]
[Site "Holbaek"]
[Date "2001.06.26"]
[Round "4"]
[White "Molvig, Henrik"]
[Black "Naes, Flovin Tor"]
[Result "1/2-1/2"]
[WhiteElo "2219"]
[BlackElo "2236"]
[PlyCount "44"]
[EventDate "2001.06.23"]

1. d4 d5 2. c4 e6 3. Nc3 c6 4. e3 Nf6 5. Nf3 Nbd7 6. Bd3 dxc4 7. Bxc4 b5 8. Bb3
Bb7 9. O-O Be7 10. e4 b4 11. e5 bxc3 12. exf6 Nxf6 13. bxc3 O-O 14. Ne5 c5 15.
Be3 Nd5 16. Qd3 Qa5 17. Rfc1 Rfd8 18. Rab1 Qc7 19. Qe2 Bf6 20. Ng4 Be7 21. Ne5
Bf6 22. Ng4 Be7 1/2-1/2

[Event "Tage Sorensen Memorial 2001"]
[Site "Holbaek"]
[Date "2001.06.26"]
[Round "4"]
[White "Stockflet, Henrik"]
[Black "Brekka, Hanus"]
[Result "0-1"]
[WhiteElo "2000"]
[BlackElo "2000"]
[PlyCount "64"]
[EventDate "2001.06.23"]

1. e4 c5 2. Nf3 d6 3. d4 cxd4 4. Nxd4 Nf6 5. Nc3 a6 6. Bg5 e6 7. f4 Be7 8. Qf3
Qc7 9. O-O-O Bd7 10. e5 dxe5 11. fxe5 Nd5 12. Bxe7 Nxe7 13. Qg3 Ng6 14. Re1 Nc6
15. Nf3 O-O-O 16. Bd3 Kb8 17. h4 Nb4 18. Bxg6 hxg6 19. Qf4 Nd5 20. Nxd5 exd5
21. Qxf7 Qc4 22. Nd2 Qxa2 23. e6 Ba4 24. Qf4+ Ka8 25. Nb1 Rc8 26. Re2 Rc4 27.
Qd6 Rhc8 28. c3 d4 29. Qa3 Rxc3+ 30. bxc3 Qxe2 31. Qxa4 dxc3 32. Rd1 Qb2# 0-1

[Event "Tage Sorensen Memorial 2001"]
[Site "Holbaek"]
[Date "2001.06.26"]
[Round "4"]
[White "Skjoldborg, Jesper"]
[Black "Pavlovskaya, Evgenija"]
[Result "0-1"]
[WhiteElo "2228"]
[BlackElo "2201"]
[PlyCount "86"]
[EventDate "2001.06.23"]

1. e4 c5 2. Nf3 a6 3. c3 d5 4. exd5 Qxd5 5. d4 Nf6 6. Be3 cxd4 7. cxd4 e6 8. a3
Be7 9. Nc3 Qd8 10. Bd3 O-O 11. Qe2 Nc6 12. Rd1 b5 13. Ne4 Nd5 14. O-O Nxe3 15.
Qxe3 Bb7 16. Nc5 Bxc5 17. dxc5 Qf6 18. b4 Ne7 19. Ne5 Rfd8 20. Ng4 Qh4 21. f3
Bd5 22. Be4 a5 23. Rd4 axb4 24. axb4 Nc6 25. Bxd5 exd5 26. Rf4 Qg5 27. h4 Qg6
28. Qc3 d4 29. Qd2 h5 30. Nf2 d3 31. Re4 f6 32. Qe3 d2 33. Rd1 Ne5 34. Qb3+ Kh7
35. Re2 Nc4 36. Qb1 Qxb1 37. Rxb1 f5 38. Nd1 f4 39. Kf1 Ne3+ 40. Nxe3 fxe3 41.
Rd1 Ra2 42. Kg1 Rc2 43. Kh2 Rc1 0-1

[Event "Tage Sorensen Memorial 2001"]
[Site "Holbaek"]
[Date "2001.06.26"]
[Round "4"]
[White "Ostergaard, Rasmus"]
[Black "Pedersen, Kim"]
[Result "1-0"]
[WhiteElo "2183"]
[BlackElo "2227"]
[PlyCount "89"]
[EventDate "2001.06.23"]

1. d4 d5 2. c4 e6 3. Nc3 f5 4. Bf4 c6 5. e3 Nf6 6. Nf3 Be7 7. Ne5 O-O 8. Be2
Nbd7 9. O-O Nxe5 10. Bxe5 dxc4 11. Bxc4 Nd5 12. e4 fxe4 13. Nxe4 Bf6 14. Re1
Bxe5 15. dxe5 Qh4 16. g3 Qh6 17. Qg4 b6 18. h4 Kh8 19. Nd6 Bd7 20. Rac1 Qd2 21.
Qe2 Qa5 22. Qe4 Qd2 23. Rc2 Qh6 24. Qg4 Nb4 25. Rc3 c5 26. a3 Nc6 27. Qe4 Qd2
28. Re2 Qd1+ 29. Re1 Qd4 30. Ree3 Qxe4 31. Rxe4 Nd4 32. f4 Bc6 33. Ree3 a5 34.
Bf1 a4 35. Bg2 Bxg2 36. Kxg2 g6 37. Red3 Ra7 38. Kf2 Kg7 39. Ke3 h6 40. Rd2 Rc7
41. Ke4 Nb3 42. Rd1 Rd8 43. h5 c4 44. hxg6 Kxg6 45. g4 1-0

[Event "Tage Sorensen Memorial 2001"]
[Site "Holbaek"]
[Date "2001.06.26"]
[Round "4"]
[White "Eriksson, Johan"]
[Black "Izsak, Gyula"]
[Result "1-0"]
[WhiteElo "2408"]
[BlackElo "2452"]
[PlyCount "85"]
[EventDate "2001.06.23"]

1. d4 Nf6 2. c4 e6 3. Nc3 Bb4 4. Qc2 O-O 5. a3 Bxc3+ 6. Qxc3 d6 7. Bg5 Nbd7 8.
e3 b6 9. Bd3 Bb7 10. Ne2 Qc8 11. f3 c5 12. O-O Re8 13. Rad1 d5 14. cxd5 Nxd5
15. Qd2 h6 16. Bxh6 cxd4 17. e4 Ne7 18. Ng3 g6 19. f4 f5 20. Bb5 Nc6 21. Kh1
Kh7 22. Bg5 Nc5 23. Bf6 Rf8 24. e5 a6 25. Bc4 Qd7 26. b4 b5 27. Ba2 Na4 28. Rf3
Ne7 29. Rd3 Nd5 30. Bxd5 Bxd5 31. Ne2 Rxf6 32. exf6 Qf7 33. Rh3+ Kg8 34. Qxd4
Rf8 35. Rc1 Qxf6 36. Qxf6 Rxf6 37. Rc8+ Rf8 38. Rc7 Rd8 39. Rch7 Ra8 40. Rh8+
Kg7 41. R3h7+ Kf6 42. Rxa8 Bxa8 43. Ra7 1-0